000 00504nam a2200169 a 4500
001 000028291
005 20200930031519.0
008 081127s2011 dr a 000 0 spa d
020 _a9789945005110
040 _aDO-SdBNP
_bspa
_cBNPHU
082 _axxx
_bL864t
100 1 _aLópez Rodríguez, Adolfo
_955286
245 1 0 _aTerror verdadero :
_bPecado, placer, perdón /
_cAdolfo López Rodríguez.
260 _aSanto Domingo :
_bNorcentral,
_c2011.
300 _a253 p. :
_bil. ;
_c18 cm.
049 _aBNPD
999 _c27783
_d27783